अभिलाषा (Record no. 50516)

MARC details
000 -LEADER
fixed length control field 00544nam a2200181Ia 4500
008 - FIXED-LENGTH DATA ELEMENTS--GENERAL INFORMATION
fixed length control field 090123s9999 xx 000 0 und d
082 ## - DEWEY DECIMAL CLASSIFICATION NUMBER
Item number 12451
Classification number 891.463/मंगेश
100 ## - MAIN ENTRY--PERSONAL NAME
Personal name मंगेशकर गीता
245 ## - TITLE STATEMENT
Title अभिलाषा
250 ## - EDITION STATEMENT
Edition statement 1
260 ## - PUBLICATION, DISTRIBUTION, ETC. (IMPRINT)
Name of publisher, distributor, etc प्रिया प्रकाशन
Date of publication, distribution, etc 1981
300 ## - PHYSICAL DESCRIPTION
Extent 251
600 ## - SUBJECT ADDED ENTRY--PERSONAL NAME
Personal name मंगेशकर गीता
630 ## - SUBJECT ADDED ENTRY--UNIFORM TITLE
Uniform title अभिलाषा
700 ## - ADDED ENTRY--PERSONAL NAME
Personal name मंगेशकर गीता
730 ## - ADDED ENTRY--UNIFORM TITLE
Uniform title अभिलाषा
942 ## - ADDED ENTRY ELEMENTS (KOHA)
Koha item type Book
Holdings
Withdrawn status Lost status Damaged status Not for loan Home library Current library Date acquired Cost, normal purchase price Total Checkouts Full call number Barcode Date last seen Cost, replacement price Price effective from Koha item type
        Jawahar Wachalanalaya, Kalwa Jawahar Wachalanalaya, Kalwa 03/31/2002 30.00   12451 KLW-12451 01/23/2009 30.00 01/23/2009 Book